[Event "Mechanics' Irving Chernev TNM; 30/90, SD"]
[Site "San Francisco"]
[Date "2008.09.23"]
[Round "8.21"]
[White "Frank, Robert"]
[Black "Cole, Tony"]
[Result "0-1"]
[WhiteElo "1245"]
[BlackElo "1292"]
[PlyCount "81"]
[EventDate "2008.??.??"]

1. d4 d5 2. Nf3 Nf6 3. e3 Bg4 4. c4 b6 5. h3 Bxf3 6. Qxf3 Nc6 7. cxd5 Nxd5 8.
Bb5 Qd6 9. a3 a6 10. Bxc6+ Qxc6 11. Nc3 e6 12. O-O f5 13. b4 Qxc3 14. Ra2 Qb3
15. Rd2 O-O-O 16. Qe2 b5 17. Bb2 Qc4 18. Rd3 Qc6 19. Rc1 Qb7 20. f3 g5 21. e4
Nf4 22. Qc2 Nxd3 23. Qxd3 Bg7 24. e5 Bxe5 25. Qe3 Bf4 26. Qxe6+ Kb8 27. Rc6 Rd6
28. Rxd6 cxd6 29. d5 Be5 30. Bxe5 Qb6+ 31. Kh2 Rd8 32. Bf6 Rc8 33. Bxg5 Rc2 34.
Qg8+ Rc8 35. Qxh7 Rf8 36. Be7 Qc7 37. Qg7 Re8 38. Bf6 Qc1 39. Qd7 Qf4+ 40. g3
Qd2+ 41. Kg1 0-1

[Event "Mechanics' Irving Chernev TNM; 30/90, SD"]
[Site "San Francisco"]
[Date "2008.09.23"]
[Round "8.22"]
[White "O'Callaghan, Kevin"]
[Black "Somerville, Kenneth"]
[Result "0-1"]
[WhiteElo "1481"]
[BlackElo "1608"]
[PlyCount "104"]
[EventDate "2008.??.??"]

1. e4 e6 2. Nf3 d5 3. exd5 exd5 4. Bb5+ c6 5. Be2 Nf6 6. h3 Be6 7. d4 Bd6 8.
Ng5 Qe7 9. Be3 Nbd7 10. Nd2 h6 11. Nxe6 Qxe6 12. Bg4 Nxg4 13. Qxg4 Qxg4 14.
hxg4 O-O-O 15. O-O-O Nf6 16. f3 Rde8 17. Nf1 Kd7 18. Bd2 Re2 19. Ne3 Bf4 20.
Rde1 Rxe1+ 21. Rxe1 g6 22. Nf1 Bxd2+ 23. Kxd2 h5 24. g5 Ne8 25. Kd3 Nd6 26. Nd2
Re8 27. Rxe8 Kxe8 28. c4 dxc4+ 29. Nxc4 Nxc4 30. Kxc4 Kd7 31. d5 Kd6 32. dxc6
Kxc6 33. Kd4 Kd6 34. Ke4 b5 35. b4 Ke6 36. f4 a6 37. g3 f5+ 38. gxf6 Kxf6 39.
a3 g5 40. fxg5+ Kxg5 41. Kf3 Kf5 42. Kg2 Ke4 43. Kh3 Kf3 44. Kh4 Kg2 45. Kxh5
Kxg3 46. Kg5 Kf3 47. Kf5 Ke3 48. Ke5 Kd3 49. Kd5 Kc3 50. Kc5 Kb3 51. Kb6 Kxa3
52. Kxa6 Kxb4 0-1